| 000 | 00880cam a22002893a 4500 | ||
|---|---|---|---|
| 001 | 15773 | ||
| 003 | PGUSA | ||
| 005 | 20140828083334.0 | ||
| 008 | 050506s2005||||xxu|||||s|||||000 1 eng d | ||
| 040 |
_aPGUSA _beng |
||
| 042 | _adc | ||
| 050 | 4 | _aPZ | |
| 100 | 1 | _aStrang, Herbert | |
| 245 | 1 | 0 |
_aRound the World in Seven Days _h[electronic resource] / _cHerbert Strang |
| 260 |
_bProject Gutenberg, _c2005 |
||
| 506 | _aPublic domain in the USA. | ||
| 516 | _aElectronic text | ||
| 653 | _aVoyages around the world -- Juvenile fiction | ||
| 653 | _aAir pilots -- Juvenile fiction | ||
| 653 | _aAeronautics -- Juvenile fiction | ||
| 653 | _aAirplanes -- Piloting -- Juvenile fiction | ||
| 653 | _aAdventure stories | ||
| 700 | 1 |
_aMichael, A. C. _q(Arthur C.) |
|
| 830 | 0 |
_aProject Gutenberg _v15773 |
|
| 856 | 4 | 0 | _uhttp://www.gutenberg.org/ebooks/15773 |
| 942 | _cEB | ||
| 999 |
_c245028 _d245028 |
||